000 00490nam a22001577a 4500
005 20250721094506.0
008 250721b |||||||| |||| 00| 0 eng d
020 _a9788195388943
082 _223rd.
_a920
_bR137m
100 1 _aRajkarnikar, Ghana Shyam
245 _aMother who taught me how to live /
_cGhana Shyam Rajkarnikar.
260 _aNew Delhi :
_bBrosis Publication & Distributors,
_c2021.
300 _a205p.
650 _aRajkarnikar, Pran Maya
_vBiography
942 _2ddc
_cGEN
999 _c123953
_d123941